[Event "II. CLANSKA LIGA ZAHOD 2024"]
[Site "Komenda"]
[Date "2024.11.17"]
[Round "4.5"]
[White "Pavlin, Damijan"]
[Black "Raspor, Gregor"]
[Result "1/2-1/2"]
[WhiteElo "1961"]
[BlackElo "1978"]
[PlyCount "98"]
[EventDate "2024.11.15"]
[WhiteTeam "SD GORENJKA LESCE"]
[BlackTeam "SK RIMEX ILIRSKA BISTRICA"]

1. Nf3 d5 2. e3 c5 3. c4 d4 4. exd4 cxd4 5. d3 Nc6 6. g3 Nf6 7. Bg2 Nd7 8. O-O
e5 9. Re1 Be7 10. b3 O-O 11. Ba3 f6 12. Nh4 g6 13. Qd2 Kg7 14. b4 a6 15. Bc1
Qe8 16. a3 Kh8 17. Qc2 Kg7 18. Nd2 Qd8 19. Nb3 Bd6 20. Bd2 Ne7 21. Re2 Re8 22.
Rae1 Nf8 23. h3 Rb8 24. Bc1 Bd7 25. Na5 Qc8 26. Kh2 b6 27. Nb3 Bc6 28. c5 bxc5
29. bxc5 Bc7 30. Nxd4 Bxg2 31. Nxg2 Ba5 32. Bd2 Bxd2 33. Qxd2 Qxc5 34. Nc2 Rbd8
35. f4 Nc6 36. d4 Nxd4 37. Nxd4 Rxd4 38. Qb2 Nd7 39. Rc2 Qd6 40. Qb7 Rb8 41.
Qa7 Qb6 42. Rc7 Qxa7 43. Rxa7 e4 44. Rxa6 Rb2 45. Kg1 Ra2 46. Ra7 f5 47. g4
Rad2 48. Ne3 fxg4 49. hxg4 Ra2 1/2-1/2

[Event "II. CLANSKA LIGA ZAHOD 2024"]
[Site "Komenda"]
[Date "2024.11.17"]
[Round "4.5"]
[White "Rolih, Miran"]
[Black "Kelbl, Jakob"]
[Result "0-1"]
[WhiteElo "1938"]
[BlackElo "1919"]
[PlyCount "64"]
[EventDate "2024.11.15"]
[WhiteTeam "SK RIMEX ILIRSKA BISTRICA"]
[BlackTeam "SD GORENJKA LESCE"]

1. e4 c5 2. Nf3 Nc6 3. d3 g6 4. g3 Bg7 5. Bg2 e6 6. O-O Nge7 7. c3 d5 8. Nbd2
O-O 9. Re1 d4 10. c4 e5 11. Nf1 h6 12. Nh4 g5 13. Nf3 Ng6 14. h3 Be6 15. N3h2
Qd7 16. Qh5 Nce7 17. Ng4 Bxg4 18. hxg4 Nc6 19. Bh3 Nge7 20. f4 f6 21. Bg2 b5
22. Nd2 Nb4 23. Bf1 Nc2 24. Re2 Nxa1 25. Nf3 bxc4 26. Rh2 Qa4 27. b3 cxb3 28.
fxg5 fxg5 29. axb3 Qxb3 30. Bxg5 Rxf3 31. Be2 Raf8 32. Bxe7 Qb1+ 0-1

[Event "II. CLANSKA LIGA ZAHOD 2024"]
[Site "Komenda"]
[Date "2024.11.17"]
[Round "4.5"]
[White "Lanjscek, Miha"]
[Black "Bradac, Simon"]
[Result "1/2-1/2"]
[WhiteElo "1857"]
[BlackElo "1921"]
[PlyCount "68"]
[EventDate "2024.11.15"]
[WhiteTeam "SD GORENJKA LESCE"]
[BlackTeam "SK RIMEX ILIRSKA BISTRICA"]

1. d4 Nf6 2. c4 e6 3. Nc3 Bb4 4. Qc2 d5 5. a3 Bxc3+ 6. Qxc3 O-O 7. Nf3 Ne4 8.
Qc2 b6 9. e3 Bb7 10. Bd3 Nd7 11. O-O c5 12. b3 Rc8 13. Qe2 Qe7 14. Bb2 Rfd8 15.
Rac1 Nf8 16. a4 Ng6 17. Ne5 Nh4 18. f3 Ng5 19. Qf2 f6 20. Qxh4 fxe5 21. Kh1 e4
22. fxe4 dxe4 23. Be2 Rf8 24. Qg3 h6 25. Bg4 Rcd8 26. Qe5 Bc8 27. Kg1 Nh7 28.
d5 Nf6 29. Bh3 Rfe8 30. Rcd1 exd5 31. Qxe7 Rxe7 32. Bxc8 Rxc8 33. Bxf6 gxf6 34.
cxd5 Kf7 1/2-1/2

[Event "II. CLANSKA LIGA ZAHOD 2024"]
[Site "Komenda"]
[Date "2024.11.17"]
[Round "4.5"]
[White "Ursic, Aleksander"]
[Black "Kocjancic, Luka"]
[Result "1-0"]
[WhiteElo "1915"]
[BlackElo "1638"]
[PlyCount "129"]
[EventDate "2024.11.15"]
[WhiteTeam "SK RIMEX ILIRSKA BISTRICA"]
[BlackTeam "SD GORENJKA LESCE"]

1. d4 d5 2. Bg5 Nf6 3. Bxf6 exf6 4. e3 Bd6 5. c4 dxc4 6. Bxc4 O-O 7. Nc3 c6 8.
Nge2 Bf5 9. O-O Nd7 10. a3 Qc7 11. Ng3 Bg6 12. Be2 f5 13. f4 Rae8 14. Qd2 Nf6
15. Rac1 Qe7 16. Nd1 h5 17. Bf3 h4 18. Ne2 Bh5 19. h3 Bxf3 20. Rxf3 Bc7 21. b4
Qd6 22. Qd3 Ne4 23. Qc2 Re6 24. Ndc3 Rfe8 25. Nxe4 Rxe4 26. Kf2 Qe7 27. Qd3 Re6
28. Rc3 g6 29. Qc2 Bd6 30. Qd2 Kh7 31. Nc1 g5 32. fxg5 Bg3+ 33. Kf1 f4 34. Ne2
fxe3 35. Qc2+ Kh8 36. Nxg3 hxg3 37. Ke2 Qxg5 38. Qf5 Qxf5 39. Rxf5 Re4 40. Rd3
Kg7 41. Rf3 Rd8 42. Rxg3+ Kf6 43. Rgxe3 Rexd4 44. Rxd4 Rxd4 45. Rd3 Re4+ 46.
Kf3 Re7 47. h4 Rc7 48. g4 b6 49. Kf4 c5 50. b5 Re7 51. h5 Rc7 52. Rd6+ Kg7 53.
g5 c4 54. Rc6 Rd7 55. Rxc4 f6 56. gxf6+ Kxf6 57. a4 Kg7 58. Ke5 Kh6 59. Ke6 Rg7
60. Kd6 Kxh5 61. Rc7 Rg6+ 62. Kd7 Rg7+ 63. Kc6 Rg6+ 64. Kb7 Kg4 65. Kxa7 1-0

[Event "II. CLANSKA LIGA ZAHOD 2024"]
[Site "Komenda"]
[Date "2024.11.17"]
[Round "5.1"]
[White "Sajn, Simon"]
[Black "Leonardi, Caterina"]
[Result "0-1"]
[WhiteElo "2102"]
[BlackElo "1995"]
[PlyCount "112"]
[EventDate "2024.11.15"]
[WhiteTeam "SK RIMEX ILIRSKA BISTRICA"]
[BlackTeam "SK KOMENDA"]

1. d4 Nf6 2. Bf4 g6 3. e3 Bg7 4. Nf3 O-O 5. Be2 d5 6. O-O c5 7. c3 Nc6 8. Nbd2
Nd7 9. Nb3 b6 10. dxc5 Nxc5 11. Nbd4 Bb7 12. Nxc6 Bxc6 13. Rc1 Rc8 14. h3 Qe8
15. Ne5 Bb7 16. Bg4 e6 17. Nd3 f5 18. Nxc5 bxc5 19. Be2 e5 20. Bh2 Qc6 21. Bf3
e4 22. Be2 g5 23. Qb3 c4 24. Qa3 f4 25. Bg4 Rce8 26. Bd1 Re6 27. Qa4 fxe3 28.
Qxc6 exf2+ 29. Rxf2 Bxc6 30. Bg4 Ree8 31. Re2 d4 32. cxd4 Bxd4+ 33. Kh1 Bb5 34.
Bg1 Bg7 35. Bc5 Rf7 36. Bh5 c3 37. Bxf7+ Kxf7 38. Rf2+ Kg6 39. bxc3 e3 40. Rb2
e2 41. Bf2 Rd8 42. Be1 Bc4 43. Rd2 Rf8 44. Rd6+ Kf5 45. Rc6 Bd5 46. Rc7 Be5 47.
Re7 Kf6 48. Rxe5 Kxe5 49. Kh2 Rf1 50. Kg3 h5 51. h4 g4 52. c4 Bc6 53. Bc3+ Ke4
54. Re1 Kd3 55. Ba5 Rf5 56. Bb4 a5 0-1

[Event "II. CLANSKA LIGA ZAHOD 2024"]
[Site "Komenda"]
[Date "2024.11.17"]
[Round "5.1"]
[White "Babarovic, Fran"]
[Black "Solmajer, Luka"]
[Result "0-1"]
[WhiteElo "1757"]
[BlackElo "2006"]
[PlyCount "34"]
[EventDate "2024.11.15"]
[WhiteTeam "SK KOMENDA"]
[BlackTeam "SK RIMEX ILIRSKA BISTRICA"]

1. e4 c5 2. Nf3 Nc6 3. d4 cxd4 4. Nxd4 Nf6 5. Nc3 g6 6. Be3 Bg7 7. f3 O-O 8.
Qd2 d5 9. O-O-O Nxd4 10. Bxd4 dxe4 11. fxe4 Be6 12. Bc5 Qc7 13. Qf2 Ng4 14. Nb5
Qe5 15. Qg1 Qxb2+ 16. Kd2 Rfd8+ 17. Ke1 Bc3+ 0-1

[Event "II. CLANSKA LIGA ZAHOD 2024"]
[Site "Komenda"]
[Date "2024.11.17"]
[Round "5.1"]
[White "Raspor, Gregor"]
[Black "Novakovic, Gosto"]
[Result "1-0"]
[WhiteElo "1978"]
[BlackElo "1789"]
[PlyCount "71"]
[EventDate "2024.11.15"]
[WhiteTeam "SK RIMEX ILIRSKA BISTRICA"]
[BlackTeam "SK KOMENDA"]

1. d4 d5 2. c4 dxc4 3. e4 e5 4. Nf3 Bg4 5. Bxc4 Bb4+ 6. Bd2 Bxd2+ 7. Nbxd2 exd4
8. Bxf7+ Kf8 9. Qb3 c5 10. Bxg8 Rxg8 11. Ne5 Bh5 12. Qxb7 Qd6 13. Qxa8 Qxe5 14.
Qxa7 Nc6 15. Qa8+ Be8 16. O-O g5 17. Rac1 Rg7 18. Qc8 Rc7 19. Qf5+ Qxf5 20.
exf5 Nb4 21. Ne4 Nd3 22. Rc2 c4 23. Nxg5 Nf4 24. g3 h6 25. gxf4 hxg5 26. fxg5
Rc5 27. f4 Bc6 28. Rfc1 Bd5 29. Rd2 c3 30. bxc3 dxc3 31. Rdc2 Be4 32. Rxc3 Rxf5
33. Rc5 Rxf4 34. Rf1 Bf3 35. h3 Kg7 36. Rc3 1-0

[Event "II. CLANSKA LIGA ZAHOD 2024"]
[Site "Komenda"]
[Date "2024.11.17"]
[Round "5.1"]
[White "Novakovic, Julian"]
[Black "Rolih, Miran"]
[Result "1-0"]
[WhiteElo "1892"]
[BlackElo "1938"]
[Annotator "Franc,Poglajen"]
[PlyCount "98"]
[EventDate "2024.11.15"]
[WhiteTeam "SK KOMENDA"]
[BlackTeam "SK RIMEX ILIRSKA BISTRICA"]

1. d4 Nf6 2. c4 c5 3. d5 e6 4. Nc3 exd5 5. cxd5 d6 6. e4 g6 7. f4 Bg7 8. Bb5+
Nfd7 9. Bd3 O-O 10. Nf3 Re8 11. O-O a6 12. a4 Nf6 13. h3 Nbd7 14. Re1 Qc7 15.
Bc4 Bf8 16. Kh1 Rb8 17. e5 dxe5 18. fxe5 Nxe5 19. Bf4 Bd6 20. Nxe5 Nh5 21. Nxf7
Rxe1+ 22. Qxe1 Nxf4 23. Qe8+ Kg7 24. Nxd6 Qxd6 25. Ne4 Bd7 26. Nxd6 Bxe8 27. a5
Bb5 28. Bxb5 axb5 29. Rd1 b4 30. Kh2 b6 31. a6 Ra8 32. Nb7 Rxa6 33. d6 Ne6 34.
d7 Ra8 35. d8=Q Nxd8 36. Nxd8 Ra2 37. b3 Rb2 38. Rd6 Rxb3 39. Rxb6 c4 40. Nc6
Kh6 41. Rxb4 Rxb4 42. Nxb4 Kg5 43. Kg3 h5 44. Kf3 Kf5 45. Ke3 g5 46. g3 h4 47.
g4+ Ke5 48. Nc2 Kd5 49. Nb4+ Ke5 {nejasno (59)} 1-0

[Event "II. CLANSKA LIGA ZAHOD 2024"]
[Site "Komenda"]
[Date "2024.11.17"]
[Round "5.1"]
[White "Bradac, Simon"]
[Black "Novakovic, Novica"]
[Result "1/2-1/2"]
[WhiteElo "1921"]
[BlackElo "1780"]
[PlyCount "113"]
[EventDate "2024.11.15"]
[WhiteTeam "SK RIMEX ILIRSKA BISTRICA"]
[BlackTeam "SK KOMENDA"]

1. c4 c6 2. Nf3 Nf6 3. Nc3 d5 4. e3 Bg4 5. cxd5 Nxd5 6. Qb3 Qb6 7. Bc4 Qxb3 8.
axb3 Bxf3 9. gxf3 e6 10. d4 g6 11. e4 Nxc3 12. bxc3 Bg7 13. Ba3 Nd7 14. Ke2 Nb6
15. Bc5 Kd7 16. Bd3 Bf6 17. Rhd1 Be7 18. Bc2 Bd6 19. h3 Kc7 20. Bxd6+ Kxd6 21.
e5+ Ke7 22. c4 Rhd8 23. Ke3 Rd7 24. h4 a6 25. h5 Rad8 26. Rd2 c5 27. Rad1 cxd4+
28. Rxd4 Rxd4 29. Rxd4 Rxd4 30. Kxd4 Kd7 31. Ke3 Nc8 32. Kf4 Ke7 33. Be4 b5 34.
Bb7 Nb6 35. Bxa6 bxc4 36. Bxc4 h6 37. Kg4 Nxc4 38. bxc4 Kd7 39. hxg6 fxg6 40.
Kf4 Kc6 41. Ke4 Kc5 42. Kd3 h5 43. f4 h4 44. Ke4 Kxc4 45. Kf3 Kd4 46. Kg4 Ke4
47. Kxh4 Kxf4 48. f3 Kf5 49. Kg3 Kxe5 50. Kg4 Kf6 51. f4 Kf7 52. Kg5 Kg7 53.
Kh4 Kf6 54. Kg4 Ke7 55. Kg5 Kf7 56. Kh4 Kf6 57. Kg4 1/2-1/2

[Event "II. CLANSKA LIGA ZAHOD 2024"]
[Site "Komenda"]
[Date "2024.11.17"]
[Round "5.1"]
[White "Perme, Stanko"]
[Black "Ursic, Aleksander"]
[Result "0-1"]
[WhiteElo "1514"]
[BlackElo "1915"]
[PlyCount "48"]
[EventDate "2024.11.15"]
[WhiteTeam "SK KOMENDA"]
[BlackTeam "SK RIMEX ILIRSKA BISTRICA"]

1. e4 c5 2. Nf3 d6 3. d4 cxd4 4. Nxd4 Nf6 5. Nc3 g6 6. Be3 Bg7 7. Bc4 Nc6 8.
O-O Bd7 9. Bb3 O-O 10. f3 a6 11. Qd2 Re8 12. Rad1 Rc8 13. Qf2 Ne5 14. Nde2 Nc4
15. Na4 Bxa4 16. Bxa4 b5 17. Bb3 Nxb2 18. Rc1 Nc4 19. Bd4 Qc7 20. Rfd1 Bh6 21.
Rb1 Nd7 22. f4 e5 23. fxe5 dxe5 24. Ba1 Be3 0-1

[Event "II. CLANSKA LIGA ZAHOD 2024"]
[Site "Komenda"]
[Date "2024.11.17"]
[Round "5.2"]
[White "Zupancic, Jernej"]
[Black "Mencinger, Vojko"]
[Result "0-1"]
[WhiteElo "2213"]
[BlackElo "2276"]
[PlyCount "54"]
[EventDate "2024.11.15"]
[WhiteTeam "SD KRKA NOVO MESTO"]
[BlackTeam "SD GORENJKA LESCE"]

1. d4 Nf6 2. Nf3 d5 3. c4 e6 4. g3 dxc4 5. Qa4+ Nbd7 6. Qxc4 a6 7. Bg2 b5 8.
Qd3 Bb7 9. Nc3 c5 10. O-O Rc8 11. dxc5 Bxc5 12. a3 O-O 13. b4 Bb6 14. Bb2 Qe7
15. Rac1 Rfd8 16. Qb1 Ba7 17. Rfd1 h6 18. h3 Bxf3 19. exf3 Nb6 20. Rxd8+ Rxd8
21. Rd1 Nc4 22. Qc2 Nxb2 23. Rxd8+ Qxd8 24. Qxb2 Qd3 25. Qc1 Bd4 26. Nd1 Nd5
27. f4 Qxg3 0-1

[Event "II. CLANSKA LIGA ZAHOD 2024"]
[Site "Komenda"]
[Date "2024.11.17"]
[Round "5.2"]
[White "Petek, Primoz"]
[Black "Kastelic, Marjan"]
[Result "1/2-1/2"]
[WhiteElo "2071"]
[BlackElo "2258"]
[PlyCount "76"]
[EventDate "2024.11.15"]
[WhiteTeam "SD GORENJKA LESCE"]
[BlackTeam "SD KRKA NOVO MESTO"]

1. c4 e5 2. Nc3 Nc6 3. g3 g6 4. Bg2 Bg7 5. Nf3 Nge7 6. O-O O-O 7. d3 d6 8. Rb1
f5 9. Bg5 h6 10. Bxe7 Nxe7 11. Qc2 g5 12. b4 Ng6 13. Nd2 g4 14. c5 c6 15. Nc4
d5 16. Nd6 d4 17. Na4 Rb8 18. b5 cxb5 19. Rxb5 e4 20. Nxc8 Qxc8 21. dxe4 f4 22.
Rfb1 Qc6 23. Qb3+ Kh8 24. Nb2 f3 25. exf3 gxf3 26. Bf1 Qxe4 27. Nd3 b6 28. cxb6
axb6 29. Rxb6 Rbe8 30. a4 Qg4 31. Qd5 Ne7 32. Qe6 Qg5 33. R1b5 Qd2 34. Qb3 Nf5
35. Qb2 Qd1 36. Qb3 Qd2 37. Qb4 Qd1 38. Qb3 Qd2 1/2-1/2

[Event "II. CLANSKA LIGA ZAHOD 2024"]
[Site "Komenda"]
[Date "2024.11.17"]
[Round "5.2"]
[White "Zupancic, Urban"]
[Black "Pavlin, Damijan"]
[Result "1/2-1/2"]
[WhiteElo "2071"]
[BlackElo "1961"]
[PlyCount "64"]
[EventDate "2024.11.15"]
[WhiteTeam "SD KRKA NOVO MESTO"]
[BlackTeam "SD GORENJKA LESCE"]

1. e4 c6 2. d4 d5 3. e5 c5 4. c3 Nc6 5. h3 Bf5 6. Nf3 e6 7. Bd3 Bxd3 8. Qxd3
cxd4 9. cxd4 Nge7 10. Nc3 Nf5 11. O-O Be7 12. Bd2 O-O 13. Rac1 Rc8 14. Na4 b6
15. Rc2 Qd7 16. Rfc1 Nb8 17. g4 Nh4 18. Nxh4 Bxh4 19. g5 f6 20. Rxc8 Rxc8 21.
Rxc8+ Qxc8 22. exf6 gxf6 23. g6 Qd7 24. gxh7+ Qxh7 25. Qxh7+ Kxh7 26. Nc3 Nc6
27. Be3 Kg6 28. Kg2 Kf5 29. Kf3 Ne7 30. Nb5 Nc8 31. Nc7 Ne7 32. Nb5 Nc8 1/2-1/2

[Event "II. CLANSKA LIGA ZAHOD 2024"]
[Site "Komenda"]
[Date "2024.11.17"]
[Round "5.2"]
[White "Kelbl, Jakob"]
[Black "Rifelj, Luka"]
[Result "1/2-1/2"]
[WhiteElo "1919"]
[BlackElo "1962"]
[PlyCount "77"]
[EventDate "2024.11.15"]
[WhiteTeam "SD GORENJKA LESCE"]
[BlackTeam "SD KRKA NOVO MESTO"]

1. e4 c5 2. Nc3 Nc6 3. Bb5 Nd4 4. Nf3 Nxb5 5. Nxb5 a6 6. Nc3 e6 7. d4 cxd4 8.
Qxd4 d6 9. Bg5 f6 10. Bh4 Ne7 11. O-O-O Nc6 12. Qe3 Be7 13. Bg3 O-O 14. Rd2 Qc7
15. Rhd1 Ne5 16. Nxe5 dxe5 17. f3 b5 18. Bf2 Rd8 19. Qb6 Qxb6 20. Bxb6 Rxd2 21.
Rxd2 Kf7 22. a3 Ke8 23. b4 Bd7 24. Nd1 Rb8 25. Bc7 Rc8 26. Bd6 Bd8 27. Bc5 a5
28. Nf2 axb4 29. axb4 Bc7 30. Nd3 Bc6 31. Kb2 Ra8 32. Be3 Bd6 33. Nc5 Bxc5 34.
Bxc5 Rd8 35. Rxd8+ Kxd8 36. Kc3 Bb7 37. Kd3 Ba6 38. c3 Kd7 39. Bf8 1/2-1/2

[Event "II. CLANSKA LIGA ZAHOD 2024"]
[Site "Komenda"]
[Date "2024.11.17"]
[Round "5.2"]
[White "Salmanov, Samir"]
[Black "Lanjscek, Miha"]
[Result "1/2-1/2"]
[WhiteElo "2001"]
[BlackElo "1857"]
[PlyCount "64"]
[EventDate "2024.11.15"]
[WhiteTeam "SD KRKA NOVO MESTO"]
[BlackTeam "SD GORENJKA LESCE"]

1. e4 c5 2. Nf3 d6 3. Bc4 Nf6 4. d3 e6 5. O-O Be7 6. Bg5 h6 7. Bh4 Nc6 8. c3 e5
9. Nbd2 O-O 10. h3 Be6 11. Bxe6 fxe6 12. Ne1 d5 13. Bg3 Bd6 14. Qb3 Qd7 15.
Nef3 Kh7 16. Rfe1 Rae8 17. Rad1 d4 18. cxd4 cxd4 19. Nc4 Qc7 20. Rc1 Nh5 21.
Nxd6 Qxd6 22. Qxb7 Rc8 23. Bxe5 Nxe5 24. Rxc8 Nxf3+ 25. gxf3 Rxc8 26. Qxc8 Nf4
27. Rc1 Qe7 28. Rc5 Qh4 29. Qc7 Nxh3+ 30. Kg2 Nf4+ 31. Kg1 Nh3+ 32. Kg2 Nf4+
1/2-1/2

[Event "II. CLANSKA LIGA ZAHOD 2024"]
[Site "Komenda"]
[Date "2024.11.17"]
[Round "5.2"]
[White "Kocjancic, Luka"]
[Black "Radez, Pavel"]
[Result "0-1"]
[WhiteElo "1638"]
[BlackElo "1501"]
[PlyCount "62"]
[EventDate "2024.11.15"]
[WhiteTeam "SD GORENJKA LESCE"]
[BlackTeam "SD KRKA NOVO MESTO"]

1. d4 Nf6 2. c4 g6 3. Nf3 Bg7 4. Nc3 d6 5. e4 Bg4 6. Be3 Nc6 7. Be2 Bxf3 8.
Bxf3 e5 9. d5 Ne7 10. O-O O-O 11. Be2 Nd7 12. f4 f5 13. Bf3 exf4 14. Bxf4 Ne5
15. Qe2 Qd7 16. Rae1 Rae8 17. Nd1 fxe4 18. Bxe4 Nf5 19. Bxe5 Bxe5 20. Qd3 Nd4
21. b3 Qg4 22. h3 Qg3 23. Qxg3 Bxg3 24. Re3 Bh2+ 25. Kxh2 Rxf1 26. Nc3 Rf2 27.
Kg3 Rf1 28. Kh2 Kg7 29. g4 Rc1 30. Rd3 Rxc3 31. Rxc3 Rxe4 0-1

[Event "II. CLANSKA LIGA ZAHOD 2024"]
[Site "Komenda"]
[Date "2024.11.17"]
[Round "5.3"]
[White "Sajovic, Marko"]
[Black "Skrbec, Leon"]
[Result "0-1"]
[WhiteElo "2190"]
[BlackElo "2237"]
[PlyCount "102"]
[EventDate "2024.11.15"]
[WhiteTeam "DRUSTVO TOMO ZUPAN"]
[BlackTeam "SK POSTOJNA"]

1. e4 c5 2. Nf3 d6 3. c3 Nf6 4. Bc4 e6 5. d3 Nc6 6. O-O Be7 7. Re1 O-O 8. d4 d5
9. exd5 exd5 10. Bb3 Bg4 11. Be3 c4 12. Bc2 Qc7 13. Nbd2 b5 14. Nf1 Rfe8 15.
Ng3 a5 16. h3 Bd7 17. Qd2 Bd6 18. Bg5 Bxg3 19. fxg3 Ne4 20. Bxe4 dxe4 21. Bf4
Qb6 22. Nh2 b4 23. Nf1 Rad8 24. Ne3 Be6 25. g4 a4 26. Kh1 a3 27. Red1 axb2 28.
Qxb2 Qa5 29. cxb4 Qxb4 30. Qxb4 Nxb4 31. Bc7 Rd7 32. Bb6 Nd3 33. Rd2 Rb8 34.
Ba5 Rxd4 35. Bc3 Rd7 36. Kg1 Rdb7 37. Rdd1 f6 38. Kf1 Kf7 39. Bd4 Rd7 40. Bc3
Rbd8 41. a4 Nc5 42. Rxd7+ Rxd7 43. a5 Rd3 44. Nd1 e3 45. Ke2 Ne4 46. Be1 Nc5
47. a6 Nb3 48. Rb1 Nd4+ 49. Kf1 Rxd1 50. Rb7+ Kg6 51. a7 Nc2 0-1

[Event "II. CLANSKA LIGA ZAHOD 2024"]
[Site "Komenda"]
[Date "2024.11.17"]
[Round "5.3"]
[White "Cepon, Dusan"]
[Black "Rozman, Mitja"]
[Result "1/2-1/2"]
[WhiteElo "2066"]
[BlackElo "1995"]
[PlyCount "78"]
[EventDate "2024.11.15"]
[WhiteTeam "SK POSTOJNA"]
[BlackTeam "DRUSTVO TOMO ZUPAN"]

1. d4 Nf6 2. Nf3 g6 3. c4 Bg7 4. g3 O-O 5. Bg2 c6 6. O-O d6 7. b3 e5 8. dxe5
dxe5 9. Bb2 Nfd7 10. Qc2 Na6 11. Rd1 Qe7 12. Nbd2 Ndc5 13. Bc3 Bf5 14. Qb2 Rfe8
15. h3 Rab8 16. Rac1 b5 17. cxb5 cxb5 18. Qa1 Ne4 19. Bb2 Nb4 20. Nxe4 Bxe4 21.
Ne1 Qb7 22. a3 Bxg2 23. Nxg2 Nc6 24. b4 Nd4 25. Bxd4 exd4 26. Qa2 a5 27. bxa5
Ra8 28. Rb1 Rxa5 29. Nf4 Qe7 30. Rd3 Be5 31. Nd5 Qe6 32. h4 Rd8 33. Nb4 Qxa2
34. Nxa2 Rda8 35. Rbb3 Bd6 36. Nb4 Bxb4 37. Rxb4 Rxa3 38. Rxa3 Rxa3 39. Rxb5 d3
1/2-1/2

[Event "II. CLANSKA LIGA ZAHOD 2024"]
[Site "Komenda"]
[Date "2024.11.17"]
[Round "5.3"]
[White "Demsar, Maks"]
[Black "Hrescak, Ivana"]
[Result "0-1"]
[WhiteElo "1958"]
[BlackElo "2078"]
[PlyCount "58"]
[EventDate "2024.11.15"]
[WhiteTeam "DRUSTVO TOMO ZUPAN"]
[BlackTeam "SK POSTOJNA"]

1. e4 c5 2. Nf3 d6 3. d4 cxd4 4. Nxd4 Nf6 5. Nc3 a6 6. h3 e5 7. Nde2 h5 8. g3
Be6 9. Bg2 Qd7 10. Be3 b5 11. Qd2 Be7 12. a4 b4 13. Nd5 Bxd5 14. exd5 a5 15.
O-O h4 16. c4 Na6 17. c5 Nxc5 18. Bxc5 dxc5 19. Qg5 Qd6 20. Rad1 g6 21. Qe3 Rc8
22. g4 O-O 23. Rfe1 Nd7 24. Nc1 c4 25. f4 Qb8 26. Kh1 Bc5 27. Qf3 exf4 28. Ne2
Ne5 29. Qxf4 Nd3 0-1

[Event "II. CLANSKA LIGA ZAHOD 2024"]
[Site "Komenda"]
[Date "2024.11.17"]
[Round "5.3"]
[White "Pridigar, Lovro"]
[Black "Mlacnik, Franc"]
[Result "1/2-1/2"]
[WhiteElo "2058"]
[BlackElo "1963"]
[PlyCount "92"]
[EventDate "2024.11.15"]
[WhiteTeam "SK POSTOJNA"]
[BlackTeam "DRUSTVO TOMO ZUPAN"]

1. d4 f5 2. c4 Nf6 3. Nc3 e6 4. Nf3 c6 5. Bg5 d5 6. Bxf6 Qxf6 7. e3 Bd6 8. Bd3
Nd7 9. h3 O-O 10. Qc2 h6 11. O-O-O a5 12. Rdg1 e5 13. dxe5 Bxe5 14. Nxe5 Nxe5
15. cxd5 Rd8 16. Rd1 cxd5 17. Nxd5 Rxd5 18. Bc4 Nxc4 19. Rxd5 b5 20. Rxb5 Be6
21. Rc5 Qf7 22. b3 Nb6 23. Rc7 Qf6 24. Qb2 Qxb2+ 25. Kxb2 Nd5 26. Rc5 a4 27.
Rd1 axb3 28. axb3 Nb4 29. Rd4 Ra2+ 30. Kc3 Na6 31. Rc6 Bf7 32. Rd8+ Kh7 33. Ra8
Rc2+ 34. Kxc2 Nb4+ 35. Kc3 Nxc6 36. b4 Bd5 37. Rc8 Bxg2 38. h4 Kg6 39. Rc7 Ne5
40. b5 Ng4 41. b6 Nxf2 42. b7 Bxb7 43. Rxb7 f4 44. exf4 Nh3 45. f5+ Kxf5 46.
Rxg7 Nf4 1/2-1/2

[Event "II. CLANSKA LIGA ZAHOD 2024"]
[Site "Komenda"]
[Date "2024.11.17"]
[Round "5.3"]
[White "Bobnar, Samo"]
[Black "Markovcic, Gregor"]
[Result "1-0"]
[WhiteElo "1939"]
[BlackElo "1531"]
[PlyCount "129"]
[EventDate "2024.11.15"]
[WhiteTeam "DRUSTVO TOMO ZUPAN"]
[BlackTeam "SK POSTOJNA"]

1. e4 d5 2. exd5 Nf6 3. d4 Nxd5 4. c4 Nb6 5. Nc3 g6 6. Nf3 Bg4 7. Be2 Nc6 8. d5
Bxf3 9. Bxf3 Ne5 10. c5 Nxf3+ 11. Qxf3 Nd7 12. O-O Nxc5 13. Be3 Nd7 14. Bd4 f6
15. Rfe1 Bg7 16. Qe3 a6 17. Re2 O-O 18. Qxe7 Re8 19. Qb4 Rxe2 20. Nxe2 b6 21.
Qc4 Kh8 22. Rc1 Ra7 23. f4 f5 24. Bxg7+ Kxg7 25. Nd4 Qe7 26. Qc3 Qc5 27. b4
Qxc3 28. Rxc3 Kf7 29. Kf1 Nf6 30. Nc6 Ra8 31. Ne5+ Kg8 32. Rxc7 Nxd5 33. Rb7 b5
34. Nd7 Re8 35. g3 Re7 36. a3 Ne3+ 37. Ke2 Nc2+ 38. Kd3 Nxa3 39. Kd4 Nc4 40.
Kc5 Re6 41. Rc7 Rd6 42. Ne5 Rd2 43. Nxc4 bxc4 44. Kb6 Rc2 45. Kxa6 c3 46. b5
Ra2+ 47. Kb7 c2 48. b6 Kf8 49. Rc3 Ke7 50. Kc7 c1=Q 51. Rxc1 Rxh2 52. b7 Rb2
53. b8=Q Rxb8 54. Kxb8 Kf6 55. Kc7 h6 56. Rc6+ Kf7 57. Kd7 g5 58. Rxh6 gxf4 59.
gxf4 Kg7 60. Ra6 Kf7 61. Rb6 Kg7 62. Ke7 Kh8 63. Kf7 Kh7 64. Ra6 Kh8 65. Rh6#
1-0

[Event "II. CLANSKA LIGA ZAHOD 2024"]
[Site "Komenda"]
[Date "2024.11.17"]
[Round "5.3"]
[White "Usaj, Benjamin"]
[Black "Bobnar, Vid"]
[Result "0-1"]
[WhiteElo "1428"]
[BlackElo "1720"]
[PlyCount "118"]
[EventDate "2024.11.15"]
[WhiteTeam "SK POSTOJNA"]
[BlackTeam "DRUSTVO TOMO ZUPAN"]

1. c4 Nf6 2. d4 d5 3. Nc3 e6 4. Nf3 Be7 5. e3 O-O 6. Be2 b6 7. O-O Bb7 8. Re1
Nbd7 9. b3 c5 10. Ba3 Rc8 11. Rc1 cxd4 12. Bxe7 Qxe7 13. exd4 Rfd8 14. Na4 Qb4
15. Nb2 Qa3 16. Qc2 Qd6 17. Qd3 Qf4 18. h3 dxc4 19. bxc4 b5 20. Qe3 Qxe3 21.
fxe3 bxc4 22. Nxc4 Ba6 23. Kf1 Ne4 24. Ng1 Bxc4 25. Bxc4 Nd2+ 26. Ke2 Nxc4 27.
Rc2 Ncb6 28. Rec1 Kf8 29. Kd3 Rxc2 30. Rxc2 Rc8 31. Rxc8+ Nxc8 32. Ne2 Ncb6 33.
Nc3 f5 34. Nb5 a5 35. Nc7 Ke7 36. Nb5 a4 37. g3 g5 38. Kc3 h5 39. h4 gxh4 40.
gxh4 Nd5+ 41. Kd2 N7b6 42. Nc3 Kd6 43. Nb5+ Kc6 44. Nc3 a3 45. Nxd5 Kxd5 46.
Kd3 Nc4 47. Kc3 Nxe3 48. Kd3 f4 49. Ke2 Kxd4 50. Kf3 e5 51. Kf2 e4 52. Ke2 f3+
53. Kf2 Kd3 54. Ke1 Ng4 55. Kf1 e3 56. Ke1 f2+ 57. Kf1 e2+ 58. Kg2 f1=Q+ 59.
Kg3 e1=B# 0-1

[Event "II. CLANSKA LIGA ZAHOD 2024"]
[Site "Komenda"]
[Date "2024.11.17"]
[Round "5.4"]
[White "Vodnik, Val"]
[Black "Jocev, Milan"]
[Result "0-1"]
[WhiteElo "1793"]
[BlackElo "2246"]
[PlyCount "40"]
[EventDate "2024.11.15"]
[WhiteTeam "SD VRHNIKA"]
[BlackTeam "SK TRZIN"]

1. d4 d5 2. c4 c6 3. Nc3 Nf6 4. Nf3 dxc4 5. a4 Bf5 6. e3 e6 7. Bxc4 Bb4 8. O-O
O-O 9. Qe2 Bg6 10. Rd1 Nbd7 11. Bd2 Qe7 12. Rac1 e5 13. dxe5 Nxe5 14. Nxe5 Qxe5
15. b3 Ba3 16. Ra1 Bb2 17. f4 Qf5 18. Ra2 Bh5 19. Qd3 Qxd3 20. Bxd3 Bxc3 0-1

[Event "II. CLANSKA LIGA ZAHOD 2024"]
[Site "Komenda"]
[Date "2024.11.17"]
[Round "5.4"]
[White "Redek, Leon"]
[Black "Krupenko, Peter"]
[Result "0-1"]
[WhiteElo "1731"]
[BlackElo "1923"]
[PlyCount "108"]
[EventDate "2024.11.15"]
[WhiteTeam "SD VRHNIKA"]
[BlackTeam "SK TRZIN"]

1. d4 d5 2. c4 c6 3. Nc3 Nf6 4. Nf3 e6 5. e3 Be7 6. Bd3 O-O 7. a3 Nbd7 8. O-O
b6 9. cxd5 exd5 10. Re1 Bb7 11. e4 dxe4 12. Nxe4 Nxe4 13. Bxe4 Nf6 14. Bd3 Re8
15. Bf4 Nd5 16. Bg3 Rc8 17. Qa4 a5 18. Bf5 Ra8 19. Rad1 b5 20. Qb3 b4 21. a4
Bc8 22. Bd3 Nf6 23. Bc4 Nd5 24. Ne5 Bb7 25. Nd3 Bf8 26. Nc5 Rxe1+ 27. Rxe1 Bc8
28. Qf3 Ra7 29. h3 Re7 30. Re5 f6 31. Bxd5+ cxd5 32. Rxd5 Re1+ 33. Kh2 Qe8 34.
Bc7 Bxc5 35. Rxc5 Qd7 36. Qd5+ Qxd5 37. Rxd5 Bb7 38. Rd8+ Kf7 39. Bxa5 Bc6 40.
Bxb4 Re2 41. Bc3 Rxf2 42. d5 Bxa4 43. Kg3 Re2 44. Ra8 Bb3 45. Ra7+ Re7 46. Ra5
Rd7 47. Kf4 Bxd5 48. g4 Bg2 49. h4 Rd3 50. Ra7+ Kf8 51. g5 Rf3+ 52. Kg4 f5+ 53.
Kh5 Rxc3 54. Rxg7 Kxg7 0-1